Geography Chain Pyramid Game #2 - Statistics

General Stats
  • This quiz has been taken 3,149 times
  • The average score is 9 of 15
Answer Stats
Hint Answer % Correct
1 Only one capital in the world starts with thIs letter I
91%
7 Heathrow in London, Sheremetyevo in Moscow Airport
85%
3 Bighorn is Little, Canyon is Grand, Delhi is New, Faithful is___ Old
84%
9 Southernmost Baltic state Lithuania
80%
6 Biggest country of former Yugoslavia Serbia
80%
8 Mausoleum in Agra, India Taj Mahal
78%
2 Fourth-largest Jupiter's moons Io
72%
10 Transcontinental country in the Caucasus region Azerbaijan
68%
11 US state with capital city Bismarck North Dakota
68%
4 Capital of East Timor Dili
58%
12 Second largest gambling US city Atlantic City
57%
5 South American, pre-Columbian big nation Incas
43%
15 Big street in L.A. that goes from Hollywood to the Ocean (1950, movie) Sunset Boulevard
29%
14 NBA team from Wisconsin Milwaukee Bucks
27%
13 Home of Bronx Bombers Yankee Stadium
23%
No matching quizzes found
Score Distribution
Percent of People with Each Score
Percentile by Number Answered
Your Score History
You have not taken this quiz